000 01013cam a22003377a 4500
003 CHAP
005 20220817043635.0
008 000317d1997 uk r 00010 eng d
010 _a80436
011 _a81408
020 _a0412634007
035 _a91877
040 _cCHAP
082 0 4 _a581.15
_bM35
100 0 0 _aMaxted, N.
_eed.
_973164
245 1 0 _aPlant genetic conservation :
_bthe in situ approach
_c/ed. by N. Maxted [and others]
260 _aLondon :
_bChapman & Hall,
_c1997.
300 _a445 p.
500 _aFotocopia
590 _aBATCH-UPD
_b10
_c20130110
_lUCH01
_h0823
590 _aBATCH-UPD
_b10
_c20130410
_lUCH01
_h0501
590 _aBATCH-UPD
_b10
_c20130914
_lUCH01
_h1537
590 _aCONVERSION
_b10
_c20130109
_lUCH01
_h1345
650 1 4 _aGenética vegetal.
700 0 _aFord Lloyd, B. V.
_eed.
700 0 _aHawkes, J. G
_eed.
_953139
901 _aBK
905 _aLilia Sánchez G.
942 _cLIBRO
949 _a581.15 M35
_bBC
_cLIBRO
_d33724000746996
_eLIBRO
_h96944
_i91877
_si
999 _c80436
_d80436